|
|
|
|
| LEADER |
00000nab a2200000 ar4500 |
| 001 |
vtls010096506 |
| 003 |
SK-MaSNL |
| 005 |
20260303081158.0 |
| 008 |
100518c2010 xo mr|p|||||||000 b|slo |
| 015 |
|
|
|a SNBRB2010/05
|2 snkbucl
|
| 038 |
|
|
|a SNKBUCL
|
| 040 |
|
|
|a SNKBUCL
|b slo
|c SNKBUCL
|e AACR2
|
| 041 |
0 |
|
|a slo
|
| 044 |
|
|
|a xo
|c SK
|
| 080 |
|
|
|a 27-36
|2 2001
|
| 080 |
|
|
|a 821.112.2-31
|2 2001
|
| 080 |
|
|
|a (0:82-312.6)
|2 2001
|
| 080 |
|
|
|a (44)
|2 2001
|
| 100 |
1 |
|
|a Kolinay, Pavol
|4 aut
|9 1084046
|
| 245 |
1 |
0 |
|a Wilhelm Hünermann: Rytier milosrdenstva. Životný príbeh svätého Martina
|c Pavol Kolinay
|
| 500 |
|
|
|a preložila Magdaléna Richterová
|
| 600 |
0 |
7 |
|a Martin z Tours,
|c svätý,
|d 316?-397
|2 snkbucl
|9 167876
|
| 650 |
0 |
7 |
|a biografické romány
|2 snkbucl
|9 82236
|
| 650 |
0 |
7 |
|a nemecké romány
|2 snkbucl
|9 85211
|
| 650 |
0 |
7 |
|a kresťanskí svätci
|2 snkbucl
|9 1605
|
| 655 |
|
7 |
|a recenzie
|2 snkbucl
|9 21907
|
| 773 |
0 |
|
|t Viera a život
|g Roč. XX, č. 1 (2010), s. 84-88
|x 1335-6771
|
| 787 |
0 |
8 |
|i Rec.:
|a Hünermann, Wilhelm
|t Rytier milosrdenstva. Životný príbeh svätého Martina
|d Bratislava : Lúč, 2009
|z 9788071147190
|
| 852 |
|
|
|a SNK
|b KIS3GCP
|
| 958 |
|
|
|a SK
|
| 958 |
|
|
|a NT
|
| 958 |
|
|
|a RC
|
| 999 |
|
|
|c 1783549
|d 1785479
|